000 00803nam a2200229Ii 4500
003 JO-AjNU
008 230605s9999||||xx |||||||||||||| ||und||
017 _a2007/11/3562
020 _a978-9957-00-336-4
040 _aJO-AjNU
_bara
_erda
_cJO-AjNU
041 _aara
050 1 4 _aLB1027.5.A2822 2008
100 3 _aأبوأسعد،أحمد مؤلف/الهواري،لمياء م.مشارك,
_eauthor
_928608
245 0 0 _aالتوجيه التربوي والمهني
250 _aط1
264 3 1 _aعمان،دار الشروق،2008/رام الله:دار الشروق،2008
300 _a210ص
336 _atext
_btxt
_2rdacontent
337 _aunmediated
_bn
_2rdamedia
338 _avolume
_bnc
_2rdacarrier
650 4 _a التوجيه التربوي-التوجيه المهني
_928609
999 _aA11118
_c14686
_d14686